[Event "69. BEM 2015"]
[Site "Dortmund"]
[Date "2015.03.10"]
[Round "5.11"]
[White "Grube, Jörg"]
[Black "Kawka, Bogdan"]
[Result "1-0"]
[WhiteElo "1902"]
[BlackElo "1272"]
[PlyCount "67"]
[EventDate "2015.??.??"]
[WhiteTeam "FS 1898 Dortmund"]
[BlackTeam "FS 1898 Dortmund"]

1. e4 e5 2. Nf3 Nc6 3. Bb5 a6 4. Ba4 b5 5. Bb3 d6 6. d4 Be7 7. Bd5 Bb7 8. dxe5
dxe5 9. Nxe5 Nxe5 10. Bxb7 Qxd1+ 11. Kxd1 Rd8+ 12. Ke2 Rd6 13. f4 Nc4 14. b3
Na5 15. Bc8 f6 16. Rd1 Kf7 17. Rxd6 Bxd6 18. Bxa6 b4 19. a3 Nc6 20. Bc4+ Ke8
21. Bb5 Kd7 22. axb4 Nge7 23. c3 Rb8 24. Bd3 Ng6 25. g3 h5 26. Be3 h4 27. Nd2
Rh8 28. b5 Nce7 29. Nf3 hxg3 30. hxg3 Nf8 31. Ra8 Nc8 32. e5 Be7 33. Bf5+ Kd8
34. Rxc8# 1-0

[Event "69. BEM 2015"]
[Site "Dortmund"]
[Date "2015.03.10"]
[Round "5.12"]
[White "Gegner, Michael"]
[Black "Brendemühl, Bernd"]
[Result "1-0"]
[WhiteElo "1478"]
[BlackElo "1894"]
[Annotator "Schulenburg,Pit"]
[PlyCount "62"]
[EventDate "2015.??.??"]
[WhiteTeam "Dortmunder SV"]
[BlackTeam "FS 1898 Dortmund"]

1. d4 Nf6 2. Nc3 d5 3. e4 dxe4 4. f3 exf3 5. Nxf3 e6 6. Bg5 Be7 7. Bd3 h6 8.
Bh4 c5 9. dxc5 Bxc5 10. Bxf6 Qxf6 11. Ne4 Qe7 12. Qe2 Nc6 13. c3 O-O 14. O-O-O
a5 15. g4 Bb6 16. h4 f5 17. gxf5 exf5 18. Bc4+ Kh8 19. Nd6 Qxe2 20. Bxe2 {(=)}
Be6 21. Kb1 Rab8 22. h5 Bc5 23. Nc4 Rfd8 24. Nce5 Bd5 25. Ng6+ Kg8 26. Rxd5
Rxd5 27. Bc4 Rbd8 28. Rd1 Kh7 29. Rxd5 Rxd5 30. Bxd5 Nd8 31. Nfh4 b5 1-0

[Event "69. BEM 2015"]
[Site "Dortmund"]
[Date "2015.03.10"]
[Round "5.13"]
[White "Howorka, Roland"]
[Black "Cogan, Leonid"]
[Result "0-1"]
[WhiteElo "1443"]
[BlackElo "1710"]
[PlyCount "46"]
[EventDate "2015.??.??"]
[WhiteTeam "FS 1898 Dortmund"]
[BlackTeam "SU Huck.-Westerfilde"]

1. d4 Nf6 2. c4 e6 3. Nc3 d5 4. e3 c6 5. a3 a5 6. Nf3 Nbd7 7. b3 Bd6 8. Bb2 b6
9. Bd3 O-O 10. Qc2 h6 11. Na4 Ba6 12. Bc3 Qe7 13. Bb2 Rab8 14. Nc3 Bb7 15. O-O
e5 16. Nxe5 Nxe5 17. dxe5 Bxe5 18. Ne2 Bxh2+ 19. Kxh2 Ng4+ 20. Kg1 Qh4 21. Rfd1
Qxf2+ 22. Kh1 Nxe3 23. Qc3 Qxg2# 0-1

[Event "69. BEM 2015"]
[Site "Dortmund"]
[Date "2015.03.10"]
[Round "5.14"]
[White "Ziemek, Gerhard"]
[Black "Pachura, Karl-Heinz"]
[Result "1-0"]
[WhiteElo "1627"]
[BlackElo "1353"]
[PlyCount "52"]
[EventDate "2015.??.??"]
[WhiteTeam "SVg Marten-Bövinghsn."]
[BlackTeam "SF Brackel"]

1. d4 Nf6 2. Nc3 g6 3. e4 Bg7 4. e5 Ng8 5. f4 e6 6. Nf3 Ne7 7. Bd3 d6 8. O-O
O-O 9. Qe1 d5 10. a4 c6 11. Bd2 b6 12. b4 a6 13. Nd1 Bb7 14. Ne3 Nd7 15. Qh4
Nc8 16. Qh3 Ne7 17. Ng5 h6 18. Nf3 c5 19. c3 c4 20. Bc2 Bc6 21. Ng4 h5 22. Ne3
f6 23. Qxe6+ Kh8 24. Qh3 Nb8 25. f5 Be8 26. fxg6 Bxg6 1-0

[Event "69. BEM 2015"]
[Site "Dortmund"]
[Date "2015.03.10"]
[Round "5.15"]
[White "Pennekamp, Christ"]
[Black "Kartsev, Nikolaj"]
[Result "0-1"]
[WhiteElo "1194"]
[BlackElo "1616"]
[Annotator "Schulenburg,Pit"]
[PlyCount "98"]
[EventDate "2015.??.??"]
[WhiteTeam "SC Hansa Dortmund"]
[BlackTeam "SF Brackel"]

1. d4 Nf6 2. Bf4 d6 3. Nf3 g6 4. h3 Bg7 5. e3 Nbd7 6. c3 b6 7. Nbd2 Bb7 8. Be2
O-O 9. O-O Nh5 10. Bh2 Re8 11. Bc4 e6 12. Be2 Kh8 13. Rc1 e5 14. dxe5 Nxe5 15.
Nd4 Rg8 16. N2f3 Nxf3+ 17. Bxf3 Qc8 18. Nc6 Qd7 19. Ne5 Bxf3 20. Nxf3 {(=)}
Rae8 21. Qd5 Nf6 22. Qb3 Qe6 23. Qxe6 Rxe6 24. Ng5 Re7 25. Rcd1 h6 26. Nf3 Rge8
27. Nd4 a5 28. Nb5 Ne4 29. Nd4 Be5 30. Nc6 Bxh2+ 31. Kxh2 Re6 32. f3 Nc5 33. e4
Na4 34. Rf2 Kg7 35. Rd4 Nc5 36. Rdd2 Kf6 37. Rd5 Nd7 38. g4 Ne5 39. Nxe5 Rxe5
40. Rfd2 Rxd5 41. Rxd5 Re5 42. Rxe5 Kxe5 43. c4 Kd4 44. b3 Kc3 45. Kg3 Kb2 46.
f4 Kxa2 47. e5 Kxb3 48. f5 dxe5 49. h4 a4 0-1

[Event "69. BEM 2015"]
[Site "Dortmund"]
[Date "2015.03.10"]
[Round "5.16"]
[White "Grawe, Herbert"]
[Black "Zabel, Reinhard"]
[Result "0-1"]
[WhiteElo "1339"]
[BlackElo "1461"]
[PlyCount "100"]
[EventDate "2015.??.??"]
[WhiteTeam "Dortmunder SV"]
[BlackTeam "Doppelbauer Brambauer"]

1. d4 d5 2. e4 dxe4 3. Nc3 Nf6 4. h3 e6 5. Bg5 Be7 6. f3 h6 7. Bh4 Nc6 8. fxe4
Qxd4 9. Qxd4 Nxd4 10. O-O-O e5 11. Nb5 Nxb5 12. Bxb5+ Bd7 13. Bxf6 Bxb5 14.
Bxe5 Rc8 15. Nf3 O-O 16. Nd4 Bg5+ 17. Kb1 Ba6 18. Nf5 Rfe8 19. Bxg7 Rxe4 20.
Bxh6 Be7 21. Rd7 Bf6 22. a4 Rce8 23. Bd2 Rxa4 24. Nh6+ Kg7 25. Rxf7+ Kg6 26.
Rxf6+ Kxf6 27. Bc3+ Kg6 28. Ng4 Kf5 29. Nf6 Re2 30. g4+ Kg6 31. b3 Rf4 32. h4
Ref2 33. Re1 Rf1 34. Rxf1 Rxf1+ 35. Kb2 Be2 36. g5 Rh1 37. h5+ Kxg5 38. Ne4+
Kf4 39. Nf6 Bxh5 40. Bd2+ Kf5 41. Nd5 c6 42. Ne3+ Ke6 43. Kc3 Be2 44. Ng2 Bf1
45. Nf4+ Kd6 46. Kd4 c5+ 47. Ke4 Rh2 48. Bc3 Rxc2 49. Be5+ Kc6 50. Kf5 b5 0-1

[Event "69. BEM 2015"]
[Site "Dortmund"]
[Date "2015.03.10"]
[Round "5.17"]
[White "Vogt, Christian"]
[Black "Jentzsch, Wern. Wilfr"]
[Result "1-0"]
[WhiteElo "1524"]
[BlackElo "1318"]
[PlyCount "81"]
[EventDate "2015.??.??"]
[WhiteTeam "SC Hansa Dortmund"]
[BlackTeam "SF Brackel"]

1. d4 e6 2. c4 c5 3. Nf3 cxd4 4. Nxd4 Nc6 5. Nb5 d5 6. cxd5 Bb4+ 7. N1c3 a6 8.
dxc6 Qxd1+ 9. Kxd1 axb5 10. Nxb5 Ra5 11. cxb7 Bxb7 12. e3 Ke7 13. Bd2 Bxd2 14.
Kxd2 Bxg2 15. Bxg2 Rxb5 16. Kc2 Nf6 17. b3 Rc8+ 18. Kb2 Rd8 19. Rac1 Rd2+ 20.
Rc2 Rxc2+ 21. Kxc2 Ng4 22. h3 Nxf2 23. Rf1 Ra5 24. a4 Rc5+ 25. Kd2 Rf5 26. Ke2
Nxh3 27. Rxf5 Ng1+ 28. Kf2 exf5 29. a5 Kd6 30. Kxg1 Kc7 31. b4 g5 32. b5 f6 33.
b6+ Kb8 34. a6 h5 35. a7+ Kc8 36. a8=Q+ Kd7 37. b7 h4 38. b8=Q g4 39. Qd5+ Ke7
40. Qc7+ Ke8 41. Qdf7# 1-0

[Event "69. BEM 2015"]
[Site "Dortmund"]
[Date "2015.03.10"]
[Round "5.18"]
[White "Schleuß, Jürgen"]
[Black "Benke, Werner"]
[Result "0-1"]
[WhiteElo "1253"]
[BlackElo "1427"]
[PlyCount "95"]
[EventDate "2015.??.??"]
[WhiteTeam "Dortmunder SV"]
[BlackTeam "SC Hansa Dortmund"]

1. e4 e6 2. Nf3 d5 3. Nc3 c5 4. Bb5+ Bd7 5. Bxd7+ Qxd7 6. Ne5 Qc7 7. Nf3 d4 8.
Ne2 e5 9. d3 h6 10. Bd2 Nf6 11. h3 Nc6 12. a3 Be7 13. c4 O-O 14. O-O a6 15. Ng3
Nh7 16. Nf5 Bg5 17. Nxg5 hxg5 18. Qg4 Qd8 19. b4 cxb4 20. axb4 b5 21. c5 Qf6
22. Ra2 Ra7 23. Rfa1 Rfa8 24. Nd6 Qe7 25. Nf5 Qf6 26. Be1 Qe6 27. Nd6 Qxg4 28.
hxg4 Nf6 29. f3 Nd7 30. Nf5 Kf8 31. Ng3 g6 32. Bd2 Kg7 33. Ne2 a5 34. Nc1 a4
35. Rb1 f6 36. Ra3 Kf7 37. Kf2 Ke6 38. Kg3 Rh8 39. Ne2 Nf8 40. Kf2 Rah7 41. Kg3
Rh2 42. Rg1 Kf7 43. Rf1 Ne6 44. Ng1 Nf4 45. Kf2 Rxg2+ 46. Ke1 Rhh2 47. Ra2
Nxd3+ 48. Kd1 0-1

[Event "69. BEM 2015"]
[Site "Dortmund"]
[Date "2015.03.10"]
[Round "5.19"]
[White "Schlettig, Achim"]
[Black "Völler, Lothar"]
[Result "0-1"]
[WhiteElo "1206"]
[BlackElo "1597"]
[PlyCount "134"]
[EventDate "2015.??.??"]
[WhiteTeam "FS 1898 Dortmund"]
[BlackTeam "FS 1898 Dortmund"]

1. e4 c5 2. Nf3 g6 3. c3 Bg7 4. d4 cxd4 5. cxd4 Nf6 6. Nc3 O-O 7. Be2 d5 8. e5
Ne8 9. Be3 Nc6 10. Qd2 f6 11. Bh6 fxe5 12. Bxg7 Nxg7 13. dxe5 e6 14. O-O a6 15.
a3 Bd7 16. Nd1 Qb8 17. Qe3 Nf5 18. Qd2 Nxe5 19. Nxe5 Qxe5 20. Ne3 Qd4 21. Rad1
Qxd2 22. Rxd2 Rac8 23. Ng4 Rc7 24. Ne5 Bc8 25. Nf3 b5 26. Ng5 h6 27. Nf3 Kg7
28. Ne5 Nd6 29. Bd3 g5 30. h3 Nf7 31. Re1 Nxe5 32. Rxe5 Rf4 33. Be2 Rc1+ 34.
Rd1 Rxd1+ 35. Bxd1 Kf6 36. Re2 Rd4 37. Bb3 e5 38. Rc2 Be6 39. Rc6 a5 40. Rb6 b4
41. axb4 axb4 42. Ba4 Ke7 43. Rb7+ Kd8 44. Rb8+ Bc8 45. Rb6 h5 46. Rg6 g4 47.
hxg4 hxg4 48. Rg8+ Kc7 49. Kh2 Rd2 50. Rg7+ Kb6 51. Rg6+ Ka5 52. b3 Rxf2 53.
Kg3 Rd2 54. Rg8 Rd3+ 55. Kh4 Bf5 56. Rf8 Be4 57. g3 Bf3 58. Ra8+ Kb6 59. Rb8+
Kc5 60. Rc8+ Kd4 61. Rd8 Kc3 62. Rc8+ Kd2 63. Rb8 Rd4 64. Kg5 e4 65. Kf5 e3 66.
Ke5 Re4+ 67. Kf5 e2 0-1

[Event "69. BEM 2015"]
[Site "Dortmund"]
[Date "2015.03.10"]
[Round "5.20"]
[White "Kesselmeier, Klaus"]
[Black "Wangrin, Stefan A"]
[Result "1/2-1/2"]
[WhiteElo "1404"]
[BlackElo "1169"]
[PlyCount "155"]
[EventDate "2015.??.??"]
[WhiteTeam "SF Brackel"]
[BlackTeam "FS 1898 Dortmund"]

1. e4 e5 2. Nf3 d6 3. Be2 g6 4. Nc3 Bg7 5. O-O Nf6 6. d3 c6 7. h3 Nh5 8. Nh2
Nf4 9. Bxf4 exf4 10. Bg4 Nd7 11. Nf3 Nf6 12. Bxc8 Rxc8 13. e5 dxe5 14. Nxe5 O-O
15. Qf3 Qa5 16. Qxf4 Nh5 17. Nc4 Qxc3 18. Qxf7+ Rxf7 19. bxc3 Rd8 20. d4 Nf4
21. Rfe1 Rf5 22. Kh2 Nd5 23. f3 Nxc3 24. Ne3 Ra5 25. Nc4 Rxa2 26. Rxa2 Nxa2 27.
Ra1 Nb4 28. c3 Na6 29. Na5 Rd7 30. Re1 Kf7 31. h4 h5 32. Re4 c5 33. Nb3 c4 34.
Na5 b5 35. Nc6 Bf6 36. Rf4 Ke6 37. Re4+ Kd6 38. Ne5 Bxe5+ 39. Rxe5 Re7 40. Rxb5
Nc7 41. Ra5 Nd5 42. Rc5 Rc7 43. Ra5 Nxc3 44. Ra6+ Kd5 45. Rxg6 Rb7 46. Kg3 Ne2+
47. Kf2 Nf4 48. Rg5+ Kxd4 49. Ke1 Re7+ 50. Kd1 Re2 51. g3 c3 52. gxf4 Rd2+ 53.
Kc1 Rf2 54. Rxh5 Rxf3 55. Ra5 Rf1+ 56. Kc2 Rf2+ 57. Kc1 Kd3 58. Rd5+ Kc4 59.
Rf5 Kb3 60. Rb5+ Ka3 61. f5 Ka4 62. Rb7 a5 63. h5 Rxf5 64. h6 Rh5 65. h7 Ka3
66. Kc2 a4 67. Kxc3 Ka2 68. Rb2+ Ka1 69. Rb7 a3 70. Kb3 Rh3+ 71. Kc2 a2 72. Ra7
Rh2+ 73. Kb3 Rh3+ 74. Kc4 Kb1 75. Rb7+ Kc2 76. Ra7 Kb1 77. Rb7+ Kc2 78. Ra7
1/2-1/2

[Event "69. BEM 2015"]
[Site "Dortmund"]
[Date "2015.03.10"]
[Round "5.21"]
[White "Haufe, Ulrich"]
[Black "Wilkins, Petra"]
[Result "0-1"]
[WhiteElo "1292"]
[BlackElo "1041"]
[Annotator "Schulenburg,Pit"]
[PlyCount "102"]
[EventDate "2015.??.??"]
[WhiteTeam "SU Huck.-Westerfilde"]
[BlackTeam "SC Hansa Dortmund"]

1. c4 Nf6 2. d3 g6 3. Bd2 Bg7 4. Bc3 d6 5. e4 Nc6 6. Nf3 e5 7. h3 O-O 8. Be2
Nh5 9. Bd2 Nf4 10. O-O a5 11. a3 f5 12. Nc3 Nxe2+ 13. Nxe2 f4 14. Nc3 Ne7 15.
Qe1 c6 16. Na4 c5 17. Nc3 Bd7 18. Rb1 Qc7 19. b4 axb4 20. axb4 b6 21. b5 Ra3
22. Qc1 Rfa8 23. Qb2 R8a5 24. Ne1 Qd8 25. Nc2 Rxc3 26. Bxc3 Ra8 27. Ra1 Rxa1
28. Qxa1 Nc8 29. f3 Qg5 30. Rf2 Bxh3 31. Kf1 Bd7 32. Qa8 Qh4 33. Ke2 g5 34. Qb7
Be6 35. Qc6 g4 36. Qe8+ Bf8 37. Qxe6+ Kg7 38. Ne1 g3 39. Rf1 Ne7 40. Qxd6 Ng6
41. Qxb6 Qh2 42. Qc7+ Kg8 43. Kd1 h5 44. Bxe5 Nxe5 45. Qxe5 Qh4 46. b6 Qd8 47.
b7 Bd6 48. Nc2 $4 Bxe5 49. Ke2 Qb8 50. Rb1 Qa7 51. Rb2 Bxb2 $4 0-1

[Event "69. BEM 2015"]
[Site "Dortmund"]
[Date "2015.03.10"]
[Round "5.22"]
[White "Schmidt, Andreas"]
[Black "Dirks, Rainer"]
[Result "1/2-1/2"]
[WhiteElo "1026"]
[BlackElo "1150"]
[PlyCount "37"]
[EventDate "2015.??.??"]
[WhiteTeam "FS 1898 Dortmund"]
[BlackTeam "FS 1898 Dortmund"]

1. e4 e5 2. d4 exd4 3. c3 d6 4. cxd4 Nf6 5. Nc3 c6 6. a4 d5 7. e5 Ne4 8. Nxe4
dxe4 9. Bd2 c5 10. Be3 cxd4 11. Bxd4 Bb4+ 12. Bc3 Bxc3+ 13. bxc3 Qc7 14. c4 O-O
15. Ra3 Qa5+ 16. Qd2 Qxd2+ 17. Kxd2 Nc6 18. Re3 f5 19. f4 1/2-1/2

[Event "69. BEM 2015"]
[Site "Dortmund"]
[Date "2015.03.10"]
[Round "5.23"]
[White "Böckmann, Lieselotte"]
[Black "Bensch, Christian"]
[Result "0-1"]
[WhiteElo "1083"]
[BlackElo "1160"]
[PlyCount "65"]
[EventDate "2015.??.??"]
[WhiteTeam "FS 1898 Dortmund"]
[BlackTeam "SC Wambel"]

1. c4 e5 2. d3 Nc6 3. Bd2 Nf6 4. g3 b6 5. Bg2 Bb7 6. e4 Be7 7. Nf3 O-O 8. Nc3
Re8 9. O-O a6 10. Nd5 Nxd5 11. cxd5 Na7 12. Rc1 c6 13. Nxe5 Bd6 14. Nf3 cxd5
15. Bf4 Bxf4 16. gxf4 dxe4 17. Ne5 d5 18. d4 Qf6 19. Rc7 Re7 20. Rxe7 Qxe7 21.
Bh3 Nc6 22. Nd7 b5 23. Nb6 Rd8 24. Kh1 Qf6 25. f5 Nxd4 26. Rg1 Nf3 27. Rg3 Qxb6
28. Rg2 d4 29. Qf1 d3 30. Bg4 e3 31. Bxf3 Bxf3 32. Qe1 Bxg2+ 33. Kxg2 0-1

[Event "69. BEM 2015"]
[Site "Dortmund"]
[Date "2015.03.10"]
[Round "5.24"]
[White "Reker, Gerhard"]
[Black "Sobottka, H.-Gerald"]
[Result "0-1"]
[WhiteElo "874"]
[BlackElo "989"]
[Annotator "Schulenburg,Pit"]
[PlyCount "72"]
[EventDate "2015.??.??"]
[WhiteTeam "FS 1898 Dortmund"]
[BlackTeam "Dortmunder SV"]

1. e4 e5 2. Nf3 Nc6 3. Bb5 Nf6 4. d3 Nd4 5. Bc4 d5 6. Bb3 Nxb3 7. cxb3 Bb4+ 8.
Bd2 c5 9. Nxe5 Qd6 10. Bxb4 cxb4 11. Nxf7 Kxf7 12. O-O Ng4 13. Qf3+ Ke8 14. g3
Rf8 15. Qg2 Qc5 16. Kh1 Qc2 17. f3 Qxg2+ 18. Kxg2 Ne3+ 19. Kf2 Nxf1 20. Kxf1
Rxf3+ 21. Ke2 Bg4 22. Kd2 (22. h3) 22... Rf2+ 23. Ke3 Rxh2 24. exd5 Rd8 25. Kd4
Be6 26. Kc4 b5+ 27. Kxb4 Rxd5 28. Kc3 h5 29. Nd2 Rc5+ 30. Kb4 Rf5 31. Ne4 Ke7
32. Rc1 Rd5 33. Rd1 h4 34. gxh4 Rxh4 35. Kc3 Rxe4 36. dxe4 Rxd1 0-1

[Event "69. BEM 2015"]
[Site "Dortmund"]
[Date "2015.03.11"]
[Round "6.1"]
[White "Blokisch, Till"]
[Black "Ries, Benjamin"]
[Result "0-1"]
[WhiteElo "1806"]
[BlackElo "2005"]
[PlyCount "78"]
[EventDate "2015.??.??"]
[WhiteTeam "SF Brackel"]
[BlackTeam "SF Brackel"]

1. e4 c6 2. d4 d5 3. e5 Bf5 4. Nf3 e6 5. Be2 Nd7 6. Be3 Bg6 7. Nbd2 Nh6 8. Nb3
Nf5 9. Bd2 Be7 10. O-O O-O 11. g4 Nh4 12. Nxh4 Bxh4 13. f4 Be4 14. Bf3 Bxf3 15.
Qxf3 f6 16. exf6 Rxf6 17. Qe2 Nf8 18. g5 Rf5 19. Qg4 Ng6 20. Nc5 Qc7 21. Nd3
Raf8 22. Ne5 Nxe5 23. dxe5 Qb6+ 24. Kg2 Qd4 25. Qxh4 Qxd2+ 26. Rf2 Rxf4 27.
Qxh7+ Kxh7 28. Rxd2 Rg4+ 29. Kh1 Re4 30. g6+ Kh6 31. Rd3 Rxe5 32. Rg1 Rg5 33.
Rxg5 Kxg5 34. Rg3+ Kh6 35. Kg2 Rf6 36. Ra3 a6 37. Rb3 b5 38. Ra3 e5 39. Rxa6 e4
0-1

[Event "69. BEM 2015"]
[Site "Dortmund"]
[Date "2015.03.11"]
[Round "6.2"]
[White "Henrichs, Thomas"]
[Black "Zelt, Jens"]
[Result "1-0"]
[WhiteElo "2448"]
[BlackElo "2004"]
[PlyCount "47"]
[EventDate "2015.??.??"]
[WhiteTeam "SC Hansa Dortmund"]
[BlackTeam "SC Hansa Dortmund"]

1. d4 d6 2. e4 c6 3. c4 Nd7 4. Nc3 e5 5. Nf3 h6 6. Be2 Ne7 7. h4 Qc7 8. d5 c5
9. Be3 Nf6 10. b4 Ng4 11. Nb5 Qd7 12. Qa4 Kd8 13. bxc5 Nxe3 14. Qa5+ b6 15.
cxb6 Nxg2+ 16. Kf1 Bb7 17. bxa7+ Kc8 18. c5 Nxd5 19. exd5 Bxd5 20. cxd6 Bxd6
21. Rc1+ Kb7 22. Nxd6+ Qxd6 23. Rc7+ Qxc7 24. Qa6# 1-0

[Event "69. BEM 2015"]
[Site "Dortmund"]
[Date "2015.03.11"]
[Round "6.3"]
[White "Fork, Raphael"]
[Black "Zachos, Ingo"]
[Result "1/2-1/2"]
[WhiteElo "1844"]
[BlackElo "1894"]
[Annotator "Schulenburg,Pit"]
[PlyCount "96"]
[EventDate "2015.??.??"]
[WhiteTeam "Matt Inn"]
[BlackTeam "SV Eichlinghofen"]

1. e4 d6 2. d4 Nf6 3. Nc3 g6 4. Bg5 c6 5. Qd2 b5 6. Bd3 Bg7 7. Nge2 e5 8. f4
exd4 9. Nxd4 Qb6 10. Nf3 O-O 11. O-O-O Nbd7 12. Bh4 b4 13. Nb1 Nc5 14. Bf2
Ncxe4 15. Bxb6 Nxd2 16. Bc7 Nxf3 17. gxf3 Nd5 18. Bxd6 Rd8 19. Bc5 Bh6 20. Nd2
Bxf4 21. Kb1 Be6 22. h4 a5 23. Ne4 Be5 24. h5 Nf4 25. hxg6 hxg6 26. Ng5 Nxd3
27. Nxe6 fxe6 28. Rxd3 Rxd3 29. cxd3 Rd8 30. Kc2 Rd5 31. Be3 a4 32. b3 axb3+
33. axb3 Bc3 34. Rh4 Ra5 35. Rc4 Ra2+ 36. Kc1 Rb2 37. Rxb4 Re2 38. Re4 Kf7 39.
Rf4+ Ke8 40. Re4 Kd7 41. Bc5 Rg2 42. Rg4 Rxg4 43. fxg4 e5 44. Kd1 Ke6 45. Ke2
Kd5 46. Bb6 e4 47. Ke3 exd3 48. Kxd3 Ba1 {(=)} 1/2-1/2

[Event "69. BEM 2015"]
[Site "Dortmund"]
[Date "2015.03.11"]
[Round "6.4"]
[White "Schütz, Ralf"]
[Black "Brockmann, Michael"]
[Result "0-1"]
[WhiteElo "1739"]
[BlackElo "2026"]
[PlyCount "76"]
[EventDate "2015.??.??"]
[WhiteTeam "61515/FS 1898 Dortmund"]
[BlackTeam "SV Eichlinghofen"]

1. e4 d6 2. d4 Nf6 3. Nc3 g6 4. f3 Bg7 5. Be3 Nbd7 6. Qd2 a6 7. g4 b5 8. g5 Ng8
9. O-O-O Bb7 10. Bh3 h6 11. gxh6 Rxh6 12. Kb1 Rh5 13. Bg2 Nb6 14. Qe2 b4 15.
Nd5 Bxd5 16. exd5 Nxd5 17. f4 Ngf6 18. Ka1 Rb8 19. Bd2 Qd7 20. Nf3 Qa4 21. Ne5
Rb5 22. b3 Rxe5 23. dxe5 Qa3 24. Bc1 Qxa2+ 25. Kxa2 Nc3+ 26. Kb2 Ra5 27. Bc6+
Kf8 28. Ba4 Nxe2 29. Rhe1 Nc3 30. Rd4 Nfd5 31. Rxb4 Nxb4 32. Kxc3 Na2+ 33. Kb2
Nxc1 34. Kxc1 Bh6 35. exd6 Bxf4+ 36. Kb2 cxd6 37. h3 Rh5 38. Rf1 Be5+ 0-1

[Event "69. BEM 2015"]
[Site "Dortmund"]
[Date "2015.03.11"]
[Round "6.5"]
[White "Kropp, Andreas"]
[Black "Büchle, Manfred"]
[Result "1/2-1/2"]
[WhiteElo "1989"]
[BlackElo "1828"]
[PlyCount "67"]
[EventDate "2015.??.??"]
[WhiteTeam "SV Eichlinghofen"]
[BlackTeam "SV Eichlinghofen"]

1. e4 c5 2. Nf3 Nc6 3. Bb5 d6 4. d4 cxd4 5. Nxd4 Bd7 6. c4 Nf6 7. Nc3 a6 8. Ba4
h6 9. O-O e6 10. Re1 Be7 11. h3 O-O 12. Be3 Qc7 13. Rc1 Nxd4 14. Qxd4 Bxa4 15.
Nxa4 Nd7 16. b3 Nc5 17. Nxc5 dxc5 18. Qd1 Rad8 19. Qh5 b6 20. Rcd1 Bf6 21. Qg4
Kh8 22. Qf3 Bd4 23. Bf4 e5 24. Bc1 Qc6 25. Rd3 Rd6 26. Be3 Rf6 27. Qd1 Rg6 28.
f3 f5 29. Bxd4 fxe4 30. Rxe4 exd4 31. Qc2 Re6 32. Rxe6 Qxe6 33. Rd1 Re8 34. Qd2
1/2-1/2

[Event "69. BEM 2015"]
[Site "Dortmund"]
[Date "2015.03.11"]
[Round "6.6"]
[White "Cogan, Leonid"]
[Black "Grube, Jörg"]
[Result "0-1"]
[WhiteElo "1710"]
[BlackElo "1902"]
[PlyCount "86"]
[EventDate "2015.??.??"]
[WhiteTeam "SU Huck.-Westerfilde"]
[BlackTeam "FS 1898 Dortmund"]

1. e4 c5 2. Nf3 d6 3. d4 cxd4 4. Nxd4 Nf6 5. Nc3 a6 6. h3 g6 7. g4 Bg7 8. Bg2
O-O 9. O-O Nfd7 10. Be3 Nc6 11. Nde2 Rb8 12. Qd2 b5 13. Rab1 Bb7 14. Bh6 Qa5
15. Bxg7 Kxg7 16. Ra1 Rbc8 17. f4 Nb4 18. g5 Nxc2 19. Qxc2 b4 20. Qb3 Qb6+ 21.
Kh2 bxc3 22. Qxb6 Nxb6 23. Nxc3 Rc5 24. Rae1 Rfc8 25. Re2 R8c7 26. Rff2 a5 27.
h4 Ba6 28. Rd2 Bc4 29. f5 Nd7 30. f6+ exf6 31. gxf6+ Nxf6 32. Rxd6 Ng4+ 33. Kg3
Nxf2 34. Kxf2 Be6 35. Bf3 R5c6 36. e5 Rc5 37. Ra6 Rxe5 38. Rb6 Rc4 39. Kg3 h5
40. Nb5 Bg4 41. Nd6 Rd4 42. Bg2 Re3+ 43. Kf2 Re2+ 0-1

[Event "69. BEM 2015"]
[Site "Dortmund"]
[Date "2015.03.11"]
[Round "6.7"]
[White "Begna, Bozidar"]
[Black "Rauschenbusch, U."]
[Result "1-0"]
[WhiteElo "1898"]
[BlackElo "1618"]
[PlyCount "57"]
[EventDate "2015.??.??"]
[WhiteTeam "SC Hansa Dortmund"]
[BlackTeam "FS 1898 Dortmund"]

1. e4 b6 2. d4 Bb7 3. Bd3 e6 4. Nf3 Nf6 5. Qe2 d5 6. e5 Ne4 7. Nbd2 Nxd2 8.
Bxd2 c5 9. c3 Nc6 10. O-O Be7 11. Rac1 O-O 12. Be3 cxd4 13. Bxd4 Nxd4 14. cxd4
a6 15. Rc3 Qd7 16. Qc2 Rfc8 17. Bxh7+ Kf8 18. Bd3 a5 19. Rxc8+ Rxc8 20. Qe2 Rc7
21. Nd2 Ke8 22. f4 Qc8 23. f5 Rc1 24. fxe6 Rxf1+ 25. Nxf1 Qxe6 26. a4 Bg5 27.
Qh5 Qh6 28. Bb5+ Ke7 29. Qg4 1-0

[Event "69. BEM 2015"]
[Site "Dortmund"]
[Date "2015.03.11"]
[Round "6.8"]
[White "Hillebrand, Carsten"]
[Black "Ziemek, Gerhard"]
[Result "1-0"]
[WhiteElo "1853"]
[BlackElo "1627"]
[PlyCount "32"]
[EventDate "2015.??.??"]
[WhiteTeam "FS 1898 Dortmund"]
[BlackTeam "SVg Marten-Bövinghsn."]

1. d4 d5 2. c4 c6 3. Nf3 Nf6 4. g3 g6 5. Bg2 Bg7 6. O-O O-O 7. Nbd2 Bf5 8. Qb3
Qc8 9. Qa3 Re8 10. Re1 Bh3 11. Bh1 h6 12. e4 dxe4 13. Nxe4 Nxe4 14. Rxe4 Qd7
15. Bd2 Bf5 16. Re2 Bd3 1-0

[Event "69. BEM 2015"]
[Site "Dortmund"]
[Date "2015.03.11"]
[Round "6.9"]
[White "Kartsev, Nikolaj"]
[Black "Horenburg, Oliver"]
[Result "1/2-1/2"]
[WhiteElo "1616"]
[BlackElo "1760"]
[Annotator "Schulenburg,Pit"]
[PlyCount "113"]
[EventDate "2015.??.??"]
[WhiteTeam "SF Brackel"]
[BlackTeam "SV Eichlinghofen"]

1. e4 e5 2. Nf3 Nc6 3. Bb5 Nf6 4. d3 Bc5 5. O-O d6 6. c3 O-O 7. Be3 Bb6 8. Ba4
Bg4 9. h3 Bh5 10. Nbd2 Ne7 11. Nc4 d5 12. Ncxe5 dxe4 13. dxe4 {(=)} Nxe4 14.
Nd7 Bxe3 15. fxe3 Re8 16. Qb3 c6 17. Rad1 Qc7 18. Nfe5 Nd5 19. Rxd5 cxd5 20.
Qxd5 Nd6 21. g4 Bg6 22. Nxg6 hxg6 23. Ne5 b5 24. Bb3 Kh7 25. Nxg6 fxg6 26. Bc2
Ne4 27. Bxe4 Qg3+ 28. Bg2 Rad8 29. Qf3 {(=)} Qxf3 30. Rxf3 Rd1+ 31. Bf1 Red8
32. Rf2 a6 33. Re2 R8d2 34. Kf2 Rxe2+ 35. Kxe2 Rb1 36. b4 Kg8 37. Bg2 Kf8 38.
Bd5 Rb2+ 39. Kd3 Ke7 40. Ke4 Kd6 41. Bf7 Rh2 42. Bxg6 Rxh3 43. Bf7 Rg3 44. Kf4
Rg2 45. Bb3 Rf2+ 46. Ke4 g5 47. c4 Kc6 48. c5 Kc7 {(=)} 49. Bd5 Rb2 50. Bb3 Rf2
51. Ke5 Rf3 52. e4 Rf4 53. Be6 Rf2 54. Bb3 Rf4 55. Be6 Rf2 56. Bb3 Rf4 57. Be6
1/2-1/2

[Event "69. BEM 2015"]
[Site "Dortmund"]
[Date "2015.03.11"]
[Round "6.10"]
[White "Simon, Thomas"]
[Black "Raskin, Vitali"]
[Result "1-0"]
[WhiteElo "1757"]
[BlackElo "1610"]
[PlyCount "119"]
[EventDate "2015.??.??"]
[WhiteTeam "SF Brackel"]
[BlackTeam "FS 1898 Dortmund"]

1. Nf3 d5 2. g3 g6 3. Bg2 Bg7 4. d3 Nf6 5. O-O O-O 6. Nbd2 Nc6 7. c4 e6 8. a3
a5 9. Rb1 a4 10. b4 axb3 11. Qxb3 Re8 12. Bb2 e5 13. cxd5 Nxd5 14. Nxe5 Nxe5
15. Bxd5 c6 16. Bg2 Rb8 17. Nf3 Nxf3+ 18. Bxf3 Be6 19. Qc2 Bh3 20. Rfe1 Qe7 21.
Bxg7 Kxg7 22. Rb4 Qd6 23. Reb1 b5 24. Qb2+ Kg8 25. a4 Bd7 26. axb5 Rxb5 27.
Rxb5 cxb5 28. Qb4 Qxb4 29. Rxb4 Rb8 30. d4 Kf8 31. e4 Ra8 32. Kg2 Ra4 33. Rxa4
bxa4 34. Be2 a3 35. Bc4 Ba4 36. Ba2 f6 37. Kf3 Ke7 38. Ke3 h6 39. Kd3 Bc6 40.
d5 Bb5+ 41. Kd4 Kd6 42. f4 Bf1 43. e5+ fxe5+ 44. fxe5+ Kd7 45. Kc5 Bh3 46. Kb4
g5 47. Kxa3 h5 48. Kb4 h4 49. Kc5 hxg3 50. hxg3 Bf5 51. Bc4 Bg4 52. e6+ Kd8 53.
d6 Ke8 54. Kd5 Bf3+ 55. Ke5 Bc6 56. Be2 Kd8 57. Kf6 Ba4 58. Kxg5 Bc6 59. Kf6
Ba4 60. g4 1-0

[Event "69. BEM 2015"]
[Site "Dortmund"]
[Date "2015.03.11"]
[Round "6.11"]
[White "Rahner, Norbert"]
[Black "Gegner, Michael"]
[Result "1-0"]
[WhiteElo "1681"]
[BlackElo "1478"]
[PlyCount "87"]
[EventDate "2015.??.??"]
[WhiteTeam "SG Mengede"]
[BlackTeam "Dortmunder SV"]

1. d4 h6 2. e4 g5 3. Be3 Bg7 4. Bd3 d6 5. f3 e5 6. Ne2 Ne7 7. Nbc3 f5 8. d5 f4
9. Bf2 h5 10. Qd2 Ng6 11. O-O-O g4 12. Kb1 a6 13. a4 Nd7 14. Nc1 Nc5 15. Bc4
Bd7 16. Bxc5 dxc5 17. d6 c6 18. Nb3 b5 19. Be2 c4 20. Nc5 O-O 21. a5 Rf7 22.
Na2 Nf8 23. b3 Ne6 24. Nxd7 cxb3 25. cxb3 Rxd7 26. Nb4 Nd4 27. Nxc6 Qf6 28.
Nxd4 Rxd6 29. fxg4 exd4 30. Qd3 Rc8 31. e5 Qxe5 32. Qf5 Qxf5+ 33. gxf5 Rc3 34.
Rd3 Rxd3 35. Bxd3 Rc6 36. Rc1 Rxc1+ 37. Kxc1 Kf7 38. Bxb5 d3 39. Bxa6 Bc3 40.
Bxd3 Bxa5 41. Be2 h4 42. Kc2 Kf6 43. Bg4 Ke5 44. Kd3 1-0